000 00465nam a22001817a 4500
003 BDDh-ASL
005 20231015031019.0
008 220920n ii ||||| |||| 00| 0 urd d
040 _aBDDh-ASL
_cBDDh-ASL
041 _aurd
082 _a297
_bALJ
100 1 _96572
_aAli, Syed Amir
245 1 0 _aJamiul Bayan : / جامع البیان
260 _aLucknow :
_bNawal Kishore ,
300 _a672 p. :
_c31 cm.
650 0 _94705
_aTafsir
942 _2ddc
_cBK
999 _c29280
_d29280